000 00528nam a2200121Ia 4500
008 220615s9999||||xx |||||||||||||| ||und||
100 _aRodolfo Picchio (Ed.)||Roberto Mercurio Ed.)
245 0 _aEcological Management of Pine Forests
546 _aEnglish[eng]
650 _aEnvironmental Impact Assessment||Ecological Indicator||Silviculture||Forest Management||Pine Plantation||Low Impact Logging||Forest Restoration||Pine Forest||Forest Rehabilitation
856 _uhttps://www.mdpi.com/books/pdfview/book/1109
942 _cEB
999 _c10668
_d10668